| 000 | 00543nam a2200169Ia 4500 | ||
|---|---|---|---|
| 008 | 220216s9999 xx 000 0 und d | ||
| 100 | _aNehru C.R. | ||
| 245 | 0 | _aPests in rubber plantations | |
| 260 |
_bIn: Natural rubber: Agromanagement and crop processing. (Eds. P.J. George and C. Kuruvilla Jacob). Rubber Research Institute of India, Kottayam, India, pp. 347-368. _c2000 |
||
| 650 | _aInsect | ||
| 650 | _aNematode | ||
| 650 | _aNon insect pest | ||
| 650 | _aPest | ||
| 650 | _aWhite grub | ||
| 700 | _aThankamony S. | ||
| 942 | _cBS | ||
| 999 |
_c52739 _d52739 |
||